|
|
|
|
| LEADER |
00000nam a2200000 a 4500 |
| 001 |
vtls001219754 |
| 003 |
SK-MaSNL |
| 005 |
20260301112523.0 |
| 008 |
251124s1994 US r 0 slo |
| 015 |
|
|
|a ZS1996/0000182
|
| 020 |
|
|
|a 1569830118
|
| 035 |
|
|
|a SNK000164167
|
| 035 |
|
|
|a urn:nbn:sk:snk-amkfa0
|
| 035 |
|
|
|a urn:nbn:sk:snk-am003dtf
|
| 035 |
|
|
|a 60CB5244-CA10-414E-A751-581D6516B359
|
| 040 |
|
|
|a SNK
|b slo
|c SNK
|e AACR2
|
| 041 |
0 |
|
|a slo
|
| 044 |
|
|
|a US
|
| 080 |
|
|
|a 217:242
|2 1981
|
| 080 |
|
|
|a 242
|2 1981
|
| 100 |
1 |
|
|a Uhri, Vladimir
|4 aut
|9 283757
|
| 245 |
1 |
0 |
|a Modlitby odpustenia
|c Vladimir Uhri
|
| 250 |
|
|
|a [2. vyd.]
|
| 260 |
|
|
|a Medford
|b New Creation Publishing
|c 1994
|
| 300 |
|
|
|a 26 s.
|c 22 cm
|
| 650 |
0 |
7 |
|a modlitba
|x úvahy náboženské
|2 SNK
|9 453364
|
| 655 |
|
7 |
|a príručky
|2 SNK
|9 74364
|
| 919 |
|
|
|a 1-56983-011-8
|
| 958 |
|
|
|a ZS
|
| 958 |
|
|
|a TL
|
| 958 |
|
|
|a US
|
| 999 |
|
|
|c 710758
|d 712688
|
| 952 |
|
|
|t P60, <03>, [BOOK], {603}
|a SNK
|b SNK
|y PREZ
|7 0
|p 17A0008552
|o snkSC 91092
|i snkV 1331/96
|0 0
|1 0
|4 0
|d 1996-08-08
|f 1
|l 0
|r 2025-09-10 00:00:00
|w 2026-02-23
|
| 952 |
|
|
|t P60, <04>, [BOOK], {604}
|a SNK
|b SNK
|y VYP
|7 0
|p 17A0008553
|o snkSC 91092 D1
|i snkV 1331/96
|0 0
|1 0
|4 0
|d 1996-08-08
|l 0
|r 2005-01-01 00:00:00
|w 2026-02-23
|